00305nam a2200097Ia 450000500170000000800410001710000200005824501020007826000140018065000130019420260328104248.0260328s9999||||xx |||||||||||||| ||und|| aGispert, Carlos 0aHistoria del Mundo Moderno :b Entre el Renacimiento y la Revolución Francesa /cCarlos Gispert bOcéano  aHISTORIA